[Event "EYCC 2024 - G12"]
[Site "?"]
[Date "2024.08.29"]
[Round "7.1"]
[White "Matskevich, Varvara"]
[Black "Lampou, Marianta"]
[Result "1-0"]
[BlackElo "1777"]
[WhiteElo "1956"]
[LiveChessVersion "1.4.8"]

1. Nf3 {[%clk 1:29:06]} d5 {[%clk 1:30:54]} 2. c4 {[%clk 1:29:22]} c6
{[%clk 1:31:15]} 3. e3 {[%clk 1:29:35]} Nf6 {[%clk 1:31:28]} 4. Qc2
{[%clk 1:29:46]} e6 {[%clk 1:31:28]} 5. b3 {[%clk 1:29:29]} Bd6 {[%clk 1:31:06]}
6. Bb2 {[%clk 1:29:29]} O-O {[%clk 1:30:54]} 7. Nc3 {[%clk 1:21:56]} Nbd7
{[%clk 1:26:55]} 8. Rg1 {[%clk 1:14:13]} Ne5 {[%clk 1:04:04]} 9. Nxe5
{[%clk 1:10:22]} Bxe5 {[%clk 1:03:53]} 10. f4 {[%clk 1:10:15]} Bc7
{[%clk 0:51:29]} 11. g4 {[%clk 1:07:30]} d4 {[%clk 0:44:27]} 12. g5
{[%clk 0:54:07]} Ne8 {[%clk 0:36:07]} 13. Ne4 {[%clk 0:50:19]} e5
{[%clk 0:20:28]} 14. O-O-O {[%clk 0:47:05]} b6 {[%clk 0:13:45]} 15. Bd3
{[%clk 0:46:20]} g6 {[%clk 0:13:06]} 16. c5 {[%clk 0:44:45]} b5 {[%clk 0:07:47]}
17. Rdf1 {[%clk 0:42:50]} Bf5 {[%clk 0:05:25]} 18. h4 {[%clk 0:32:32]} Qd5
{[%clk 0:00:54]} 19. Nf6+ {[%clk 0:31:10]} Nxf6 {[%clk 0:01:02]} 20. Bxf5
{[%clk 0:31:38]} Nd7 {[%clk 0:00:50]} 21. e4 {[%clk 0:31:53]} Qxc5
{[%clk 0:00:37]} 22. Bxd7 {[%clk 0:32:17]} Qe7 {[%clk 0:00:42]} 23. Bg4
{[%clk 0:32:08]} c5 {[%clk 0:00:48]} 24. f5 {[%clk 0:32:04]} Bd6 {[%clk 0:00:37]}
25. fxg6 {[%clk 0:32:02]} fxg6 {[%clk 0:00:58]} 26. Qd3 {[%clk 0:31:47]} c4
{[%clk 0:00:41]} 27. bxc4 {[%clk 0:31:39]} Qc7 {[%clk 0:00:36]} 28. Be6+
{[%clk 0:31:33]} Kg7 {[%clk 0:00:42]} 29. Rxf8 {[%clk 0:31:40]} Rxf8
{[%clk 0:00:51]} 30. Kb1 {[%clk 0:31:02]} bxc4 {[%clk 0:00:35]} 31. Qxc4
{[%clk 0:31:15]} Qb7 {[%clk 0:00:41]} 32. Bd5 {[%clk 0:31:12]} Qb6
{[%clk 0:00:36]} 33. Qb3 {[%clk 0:29:55]} Qc7 {[%clk 0:00:35]} 34. Qb7
{[%clk 0:30:11]} Qxb7 {[%clk 0:00:47]} 35. Bxb7 {[%clk 0:30:37]} Rb8
{[%clk 0:01:08]} 36. Bd5 {[%clk 0:30:36]} a5 {[%clk 0:00:42]} 37. Rc1
{[%clk 0:29:43]} a4 {[%clk 0:00:34]} 38. a3 {[%clk 0:29:35]} Bxa3
{[%clk 0:00:34]} 39. Rc7+ {[%clk 0:30:01]} Kf8 {[%clk 0:00:41]} 40. Rb7
{[%clk 0:30:25]} Rxb7 {[%clk 0:00:59]} 41. Bxb7 {[%clk 0:30:49]} Bb4
{[%clk 0:01:14]} 42. Bc1 {[%clk 0:30:36]} Kg7 {[%clk 0:00:38]} 43. Kc2
{[%clk 0:30:43]} a3 {[%clk 0:00:32]} 44. Bd5 {[%clk 0:30:29]} Be7
{[%clk 0:00:32]} 45. d3 {[%clk 0:30:38]} h6 {[%clk 0:00:38]} 46. gxh6+
{[%clk 0:30:46]} Kh7 {[%clk 0:00:56]} 47. Bg5 {[%clk 0:31:10]} Bf8
{[%clk 0:00:54]} 48. Kb3 {[%clk 0:31:34]} Bxh6 {[%clk 0:01:09]} 49. Bxh6
{[%clk 0:31:51]} Kxh6 {[%clk 0:01:33]} 50. Kxa3 {[%clk 0:32:17]} Kh5
{[%clk 0:01:49]} 51. Bf7 {[%clk 0:32:43]} Kxh4 {[%clk 0:01:09]} 52. Bxg6
{[%clk 0:33:05]} Kg3 {[%clk 0:01:26]} 53. Kb4 {[%clk 0:33:14]} Kf3
{[%clk 0:01:46]} 54. Be8 {[%clk 0:33:33]} Ke3 {[%clk 0:02:10]} 55. Bb5
{[%clk 0:33:55]} Kf3 {[%clk 0:02:17]} 56. Kc5 {[%clk 0:34:18]} Kg4
{[%clk 0:02:39]} 57. Kd6 {[%clk 0:34:44]} Kf4 {[%clk 0:02:57]} 58. Bc4
{[%clk 0:35:06]} 1-0

[Event "EYCC 2024 - G12"]
[Site "?"]
[Date "2024.08.29"]
[Round "7.2"]
[White "Sahin, Zeynep Duru"]
[Black "Kaminska, Zuzanna"]
[Result "1-0"]
[BlackElo "1848"]
[WhiteElo "1698"]
[LiveChessVersion "1.4.8"]

1. e4 {[%clk 1:30:54]} e5 {[%clk 1:30:53]} 2. Nf3 {[%clk 1:31:19]} Nc6
{[%clk 1:31:14]} 3. Bc4 {[%clk 1:31:39]} Nf6 {[%clk 1:31:35]} 4. d3
{[%clk 1:32:03]} h6 {[%clk 1:31:35]} 5. O-O {[%clk 1:32:19]} d6 {[%clk 1:31:48]}
6. a4 {[%clk 1:32:15]} g5 {[%clk 1:31:49]} 7. Nc3 {[%clk 1:31:46]} g4
{[%clk 1:30:12]} 8. Nh4 {[%clk 1:31:16]} Nxe4 {[%clk 1:28:14]} 9. dxe4
{[%clk 1:31:08]} Qxh4 {[%clk 1:28:21]} 10. Nd5 {[%clk 1:30:52]} Qd8
{[%clk 1:19:59]} 11. f3 {[%clk 1:29:10]} g3 {[%clk 1:11:40]} 12. f4
{[%clk 1:27:43]} gxh2+ {[%clk 1:06:46]} 13. Kh1 {[%clk 1:28:08]} Bg7
{[%clk 1:00:54]} 14. Qh5 {[%clk 1:13:25]} Be6 {[%clk 0:51:53]} 15. Ra3
{[%clk 1:07:46]} Na5 {[%clk 0:43:29]} 16. Nxc7+ {[%clk 0:56:47]} Qxc7
{[%clk 0:42:33]} 17. Bxe6 {[%clk 0:55:48]} Qe7 {[%clk 0:36:52]} 18. Bd5
{[%clk 0:55:18]} Nc6 {[%clk 0:34:09]} 19. Rb3 {[%clk 0:46:40]} Nd8
{[%clk 0:30:20]} 20. fxe5 {[%clk 0:42:56]} Qxe5 {[%clk 0:20:22]} 21. Bxf7+
{[%clk 0:38:12]} Ke7 {[%clk 0:19:27]} 22. Rf5 {[%clk 0:34:06]} Qd4
{[%clk 0:16:07]} 23. Be3 {[%clk 0:33:36]} Qxa4 {[%clk 0:14:59]} 24. Qh4+
{[%clk 0:32:34]} Kd7 {[%clk 0:14:26]} 25. Qg4 {[%clk 0:32:19]} Kc7
{[%clk 0:13:46]} 26. Qxg7 {[%clk 0:32:20]} Qa1+ {[%clk 0:13:37]} 27. Kxh2
{[%clk 0:32:40]} 1-0

[Event "EYCC 2024 - G12"]
[Site "?"]
[Date "2024.08.29"]
[Round "7.3"]
[White "Bassari, Senem Gul"]
[Black "Pehlivanova, Aleksandra"]
[Result "1-0"]
[BlackElo "1793"]
[WhiteElo "1774"]
[LiveChessVersion "1.4.8"]

1. e4 {[%clk 1:30:31]} c5 {[%clk 1:30:56]} 2. Nf3 {[%clk 1:30:55]} e6
{[%clk 1:31:19]} 3. d4 {[%clk 1:31:08]} cxd4 {[%clk 1:31:44]} 4. Nxd4
{[%clk 1:31:34]} a6 {[%clk 1:32:08]} 5. Nc3 {[%clk 1:31:56]} b5 {[%clk 1:32:34]}
6. Bd3 {[%clk 1:32:18]} Bb7 {[%clk 1:32:31]} 7. O-O {[%clk 1:32:19]} Nf6
{[%clk 1:32:52]} 8. e5 {[%clk 1:31:38]} Nd5 {[%clk 1:32:26]} 9. Nxd5
{[%clk 1:30:20]} Bxd5 {[%clk 1:32:37]} 10. a4 {[%clk 1:30:21]} b4
{[%clk 1:24:04]} 11. Be3 {[%clk 1:22:43]} d6 {[%clk 1:18:39]} 12. f4
{[%clk 1:19:23]} Be7 {[%clk 1:13:19]} 13. Qg4 {[%clk 1:11:12]} g6
{[%clk 1:11:59]} 14. Rae1 {[%clk 1:05:15]} Nc6 {[%clk 1:07:56]} 15. Nxc6
{[%clk 1:01:10]} Bxc6 {[%clk 1:08:15]} 16. Bd4 {[%clk 0:51:40]} d5
{[%clk 1:05:11]} 17. b3 {[%clk 0:48:59]} Bd7 {[%clk 1:03:28]} 18. Qe2
{[%clk 0:45:58]} Bc8 {[%clk 0:54:51]} 19. Rf3 {[%clk 0:41:36]} Qc7
{[%clk 0:52:08]} 20. Qf2 {[%clk 0:39:38]} Rg8 {[%clk 0:47:00]} 21. Qe3
{[%clk 0:35:39]} h5 {[%clk 0:45:01]} 22. Rc1 {[%clk 0:32:32]} Bb7
{[%clk 0:39:32]} 23. Rff1 {[%clk 0:27:41]} Rc8 {[%clk 0:38:39]} 24. c3
{[%clk 0:25:52]} Qd7 {[%clk 0:32:35]} 25. cxb4 {[%clk 0:25:14]} Bxb4
{[%clk 0:32:37]} 26. Rxc8+ {[%clk 0:24:08]} Bxc8 {[%clk 0:33:01]} 27. Rc1
{[%clk 0:24:05]} Kf8 {[%clk 0:31:25]} 28. Rc2 {[%clk 0:22:21]} Qe8
{[%clk 0:25:38]} 29. Rc7 {[%clk 0:19:40]} Ba5 {[%clk 0:24:45]} 30. Ra7
{[%clk 0:16:00]} Qc6 {[%clk 0:24:22]} 31. Bc5+ {[%clk 0:15:38]} Kg7
{[%clk 0:24:12]} 32. b4 {[%clk 0:15:35]} Bd8 {[%clk 0:19:24]} 33. b5
{[%clk 0:15:31]} Qe8 {[%clk 0:19:46]} 34. b6 {[%clk 0:13:39]} Qxa4
{[%clk 0:11:10]} 35. b7 {[%clk 0:13:06]} Qa1+ {[%clk 0:10:48]} 36. Bf1
{[%clk 0:13:15]} Bxb7 {[%clk 0:11:03]} 37. Rxb7 {[%clk 0:13:35]} a5
{[%clk 0:10:41]} 38. Ra7 {[%clk 0:11:23]} Qb1 {[%clk 0:10:19]} 39. Ra6
{[%clk 0:10:11]} h4 {[%clk 0:07:37]} 40. h3 {[%clk 0:09:50]} Bc7 {[%clk 0:07:29]}
41. Qd3 {[%clk 0:06:00]} Qc1 {[%clk 0:07:04]} 42. Be3 {[%clk 0:05:18]} Qa1
{[%clk 0:06:58]} 43. Ra7 {[%clk 0:04:54]} Rc8 {[%clk 0:05:14]} 44. Qd4
{[%clk 0:03:30]} Qe1 {[%clk 0:02:50]} 45. Bf2 {[%clk 0:02:27]} Qc1
{[%clk 0:02:00]} 46. Qe3 {[%clk 0:01:28]} Qc6 {[%clk 0:01:47]} 47. Ra6
{[%clk 0:01:11]} Qb7 {[%clk 0:01:34]} 48. Bxh4 {[%clk 0:00:54]} Rb8
{[%clk 0:01:17]} 49. Bf6+ {[%clk 0:00:42]} Kg8 {[%clk 0:01:22]} 50. Qg3
{[%clk 0:00:39]} Bb6+ {[%clk 0:01:08]} 51. Kh2 {[%clk 0:00:49]} Kf8
{[%clk 0:00:59]} 52. Qh4 {[%clk 0:01:03]} Ke8 {[%clk 0:01:20]} 53. Bb5+
{[%clk 0:01:27]} 1-0

[Event "EYCC 2024 - G12"]
[Site "?"]
[Date "2024.08.29"]
[Round "7.4"]
[White "Mirzaliyeva, Fatima Eldar"]
[Black "Hangyal, Anna"]
[Result "1/2-1/2"]
[BlackElo "1853"]
[WhiteElo "1604"]
[LiveChessVersion "1.4.8"]

1. e4 {[%clk 1:30:57]} c5 {[%clk 1:30:55]} 2. Nf3 {[%clk 1:31:20]} Nc6
{[%clk 1:31:17]} 3. d4 {[%clk 1:31:45]} cxd4 {[%clk 1:31:42]} 4. Nxd4
{[%clk 1:32:11]} Nf6 {[%clk 1:32:04]} 5. Nc3 {[%clk 1:32:32]} e6 {[%clk 1:32:28]}
6. Nxc6 {[%clk 1:28:34]} bxc6 {[%clk 1:32:53]} 7. Bd3 {[%clk 1:28:56]} Be7
{[%clk 1:27:55]} 8. Bf4 {[%clk 1:25:39]} Bb7 {[%clk 1:21:25]} 9. Qe2
{[%clk 1:23:01]} Qb6 {[%clk 1:08:08]} 10. Rb1 {[%clk 1:07:41]} O-O
{[%clk 0:59:20]} 11. O-O {[%clk 1:01:36]} Rfe8 {[%clk 0:57:03]} 12. b4
{[%clk 0:55:46]} a6 {[%clk 0:48:08]} 13. Na4 {[%clk 0:53:59]} Qa7
{[%clk 0:45:54]} 14. Be3 {[%clk 0:53:51]} Qb8 {[%clk 0:41:53]} 15. Nb6
{[%clk 0:53:38]} Ra7 {[%clk 0:42:11]} 16. e5 {[%clk 0:53:39]} Qxe5
{[%clk 0:39:36]} 17. Nc4 {[%clk 0:53:57]} Qb8 {[%clk 0:39:38]} 18. Bxa7
{[%clk 0:54:22]} Qxa7 {[%clk 0:40:02]} 19. Na5 {[%clk 0:53:03]} Nd5
{[%clk 0:38:27]} 20. Qd2 {[%clk 0:46:47]} Ba8 {[%clk 0:37:52]} 21. c4
{[%clk 0:44:58]} Nf6 {[%clk 0:38:12]} 22. Rfe1 {[%clk 0:43:22]} c5
{[%clk 0:36:44]} 23. Qe3 {[%clk 0:32:34]} Qc7 {[%clk 0:35:54]} 24. a3
{[%clk 0:31:59]} cxb4 {[%clk 0:32:41]} 25. axb4 {[%clk 0:32:07]} Bxb4
{[%clk 0:31:17]} 26. Rxb4 {[%clk 0:32:18]} Qxa5 {[%clk 0:31:43]} 27. Reb1
{[%clk 0:32:17]} Qc7 {[%clk 0:30:17]} 28. f3 {[%clk 0:28:30]} d5 {[%clk 0:29:00]}
29. Ra1 {[%clk 0:14:26]} dxc4 {[%clk 0:23:05]} 30. Rxc4 {[%clk 0:13:01]} Qb7
{[%clk 0:22:29]} 31. Rca4 {[%clk 0:10:06]} Nd5 {[%clk 0:22:10]} 32. Qf2
{[%clk 0:08:37]} Nc7 {[%clk 0:19:14]} 33. Bxa6 {[%clk 0:07:38]} Nxa6
{[%clk 0:19:31]} 34. Rxa6 {[%clk 0:08:03]} Qd5 {[%clk 0:19:02]} 35. Qe2
{[%clk 0:06:34]} Bb7 {[%clk 0:18:22]} 36. R6a5 {[%clk 0:06:41]} Qd6
{[%clk 0:18:04]} 37. Rb1 {[%clk 0:05:53]} Bd5 {[%clk 0:17:41]} 38. Ra6
{[%clk 0:05:09]} Qc5+ {[%clk 0:17:41]} 39. Kh1 {[%clk 0:05:30]} Rc8
{[%clk 0:17:27]} 40. Raa1 {[%clk 0:03:58]} h6 {[%clk 0:17:40]} 41. Qd2
{[%clk 0:03:51]} Qe7 {[%clk 0:16:08]} 42. Rc1 {[%clk 0:03:42]} Rd8
{[%clk 0:16:24]} 43. Qe3 {[%clk 0:03:56]} Qf6 {[%clk 0:15:58]} 44. Qe2
{[%clk 0:02:55]} Rb8 {[%clk 0:14:50]} 45. Rab1 {[%clk 0:03:02]} Ra8
{[%clk 0:15:08]} 46. Rb2 {[%clk 0:02:50]} Qe7 {[%clk 0:12:01]} 47. Rbc2
{[%clk 0:02:40]} Kh7 {[%clk 0:11:31]} 48. Qd3+ {[%clk 0:02:50]} g6
{[%clk 0:11:51]} 49. Qd4 {[%clk 0:02:33]} Rd8 {[%clk 0:10:10]} 50. Rc7
{[%clk 0:01:37]} e5 {[%clk 0:08:33]} 51. Qa7 {[%clk 0:01:12]} Qf6
{[%clk 0:07:36]} 52. Rd1 {[%clk 0:00:38]} Kg7 {[%clk 0:07:56]} 53. Qf2
{[%clk 0:00:38]} e4 {[%clk 0:07:22]} 54. Rc5 {[%clk 0:00:33]} Bb7
{[%clk 0:05:21]} 55. Rxd8 {[%clk 0:00:45]} Qxd8 {[%clk 0:05:23]} 56. fxe4
{[%clk 0:00:35]} Bxe4 {[%clk 0:05:39]} 57. Rc1 {[%clk 0:00:42]} Qd5
{[%clk 0:04:44]} 58. Qb2+ {[%clk 0:00:56]} Kh7 {[%clk 0:05:03]} 59. Rf1
{[%clk 0:00:39]} Bf5 {[%clk 0:04:17]} 60. Qf2 {[%clk 0:00:39]} h5
{[%clk 0:03:44]} 61. Re1 {[%clk 0:00:32]} g5 {[%clk 0:00:50]} 62. Rf1
{[%clk 0:00:49]} Kg6 {[%clk 0:01:02]} 63. Qb6+ {[%clk 0:01:08]} Qe6
{[%clk 0:00:47]} 64. Qxe6+ {[%clk 0:00:53]} fxe6 {[%clk 0:00:58]} 65. Kg1
{[%clk 0:01:15]} g4 {[%clk 0:00:55]} 66. g3 {[%clk 0:01:29]} h4 {[%clk 0:00:38]}
67. Kf2 {[%clk 0:01:33]} h3 {[%clk 0:00:38]} 68. Ke3 {[%clk 0:01:53]} e5
{[%clk 0:00:46]} 69. Ra1 {[%clk 0:02:16]} Bc2 {[%clk 0:00:37]} 70. Ra2
{[%clk 0:02:18]} Bf5 {[%clk 0:00:46]} 71. Ra5 {[%clk 0:02:24]} Kf6
{[%clk 0:01:10]} 72. Ra6+ {[%clk 0:02:48]} Kg5 {[%clk 0:01:34]} 73. Rd6
{[%clk 0:02:35]} Bc2 {[%clk 0:01:30]} 74. Re6 {[%clk 0:02:35]} Kf5
{[%clk 0:01:51]} 75. Re8 {[%clk 0:03:00]} Bb1 {[%clk 0:01:58]} 76. Rf8+ Kg5
{[%clk 0:02:16]} 77. Kd2 {[%clk 0:02:26]} Ba2 {[%clk 0:00:52]} 78. Kd3
{[%clk 0:02:29]} Bd5 {[%clk 0:01:05]} 79. Rd8 {[%clk 0:01:51]} Bf3
{[%clk 0:01:22]} 80. Re8 {[%clk 0:01:57]} Kf5 {[%clk 0:01:17]} 81. Rf8+
{[%clk 0:02:06]} Kg5 {[%clk 0:01:06]} 82. Ke3 {[%clk 0:02:24]} Bg2
{[%clk 0:01:21]} 83. Re8 {[%clk 0:01:57]} Kf5 {[%clk 0:01:33]} 84. Rb8
{[%clk 0:02:05]} Bh1 {[%clk 0:01:22]} 85. Rb2 {[%clk 0:02:20]} Bc6
{[%clk 0:00:58]} 86. Re2 {[%clk 0:02:24]} Bb7 {[%clk 0:00:50]} 87. Re1
{[%clk 0:02:30]} Bc6 {[%clk 0:00:46]} 88. Kd3 {[%clk 0:02:35]} Bd5
{[%clk 0:00:40]} 89. Rc1 {[%clk 0:02:20]} Bf3 {[%clk 0:00:38]} 90. Ke3
{[%clk 0:02:02]} Bb7 {[%clk 0:00:54]} 91. Rb1 {[%clk 0:02:06]} Bc6
{[%clk 0:01:12]} 92. Rf1+ {[%clk 0:02:15]} Kg5 {[%clk 0:01:33]} 93. Rf7
{[%clk 0:02:14]} Bg2 {[%clk 0:01:37]} 94. Kd3 {[%clk 0:02:16]} Bd5
{[%clk 0:01:47]} 95. Rf8 {[%clk 0:02:34]} Kg6 {[%clk 0:01:17]} 96. Rd8
{[%clk 0:02:49]} Bf3 {[%clk 0:01:14]} 97. Ke3 {[%clk 0:02:30]} Kf5
{[%clk 0:01:36]} 1/2-1/2

[Event "EYCC 2024 - G12"]
[Site "?"]
[Date "2024.08.29"]
[Round "7.5"]
[White "Savchenko, Iryna"]
[Black "Levchenko, Alisa"]
[Result "1/2-1/2"]
[BlackElo "1637"]
[WhiteElo "1453"]
[LiveChessVersion "1.4.8"]

1. e4 {[%clk 1:30:59]} c6 {[%clk 1:30:52]} 2. d3 {[%clk 1:31:22]} d5
{[%clk 1:31:16]} 3. Nd2 {[%clk 1:31:45]} e6 {[%clk 1:29:17]} 4. Ngf3
{[%clk 1:31:19]} Nf6 {[%clk 1:28:28]} 5. g3 {[%clk 1:31:32]} g6 {[%clk 1:27:00]}
6. Bg2 {[%clk 1:31:42]} Bg7 {[%clk 1:27:17]} 7. O-O {[%clk 1:31:20]} c5
{[%clk 1:22:42]} 8. Re1 {[%clk 1:24:14]} Nc6 {[%clk 1:17:30]} 9. exd5
{[%clk 1:14:52]} Nxd5 {[%clk 1:16:56]} 10. Nc4 {[%clk 1:14:55]} h6
{[%clk 1:10:46]} 11. Nfe5 {[%clk 1:06:17]} Nxe5 {[%clk 1:09:14]} 12. Nxe5
{[%clk 1:06:41]} O-O {[%clk 1:09:00]} 13. Qf3 {[%clk 0:55:01]} Qc7
{[%clk 1:01:20]} 14. Ng4 {[%clk 0:51:37]} Kh7 {[%clk 0:52:54]} 15. Ne3
{[%clk 0:38:58]} Nb4 {[%clk 0:39:58]} 16. a3 {[%clk 0:37:18]} Nc6
{[%clk 0:40:05]} 17. c3 {[%clk 0:37:18]} Rd8 {[%clk 0:35:38]} 18. Nc4
{[%clk 0:34:03]} Rb8 {[%clk 0:31:35]} 19. a4 {[%clk 0:27:32]} e5 {[%clk 0:25:13]}
20. g4 {[%clk 0:22:48]} 1/2-1/2

[Event "EYCC 2024 - G12"]
[Site "?"]
[Date "2024.08.29"]
[Round "7.6"]
[White "Oksanen, Maria"]
[Black "Ejsymont, Blanka"]
[Result "0-1"]
[BlackElo "1861"]
[WhiteElo "1711"]
[LiveChessVersion "1.4.8"]

1. e4 {[%clk 1:30:57]} c6 {[%clk 1:30:57]} 2. d4 {[%clk 1:31:18]} d5
{[%clk 1:31:23]} 3. Nd2 {[%clk 1:31:41]} dxe4 {[%clk 1:31:49]} 4. Nxe4
{[%clk 1:32:06]} Nf6 {[%clk 1:32:13]} 5. Nxf6+ {[%clk 1:32:24]} exf6
{[%clk 1:32:42]} 6. Bc4 {[%clk 1:32:45]} Bd6 {[%clk 1:28:29]} 7. Qe2+
{[%clk 1:33:05]} Qe7 {[%clk 1:18:33]} 8. Qxe7+ {[%clk 1:33:01]} Kxe7
{[%clk 1:17:39]} 9. Ne2 {[%clk 1:28:54]} Bf5 {[%clk 1:11:40]} 10. c3
{[%clk 1:28:01]} Re8 {[%clk 1:09:59]} 11. O-O {[%clk 1:25:54]} b5
{[%clk 1:03:38]} 12. Bb3 {[%clk 1:25:52]} Bd3 {[%clk 1:02:26]} 13. Re1
{[%clk 1:25:51]} Kf8 {[%clk 0:57:02]} 14. Bf4 {[%clk 1:25:02]} Bxf4
{[%clk 0:49:50]} 15. Nxf4 {[%clk 1:25:23]} Rxe1+ {[%clk 0:46:39]} 16. Rxe1
{[%clk 1:25:45]} Bf5 {[%clk 0:43:44]} 17. d5 {[%clk 1:23:51]} c5 {[%clk 0:38:00]}
18. c4 {[%clk 1:23:32]} a6 {[%clk 0:33:13]} 19. Bd1 {[%clk 1:21:58]} Nd7
{[%clk 0:28:41]} 20. g4 {[%clk 1:15:57]} Bb1 {[%clk 0:22:28]} 21. cxb5
{[%clk 1:11:14]} axb5 {[%clk 0:21:30]} 22. Be2 {[%clk 1:11:23]} Bxa2
{[%clk 0:19:46]} 23. Bxb5 {[%clk 1:11:38]} Ne5 {[%clk 0:20:06]} 24. d6
{[%clk 1:02:46]} Nf3+ {[%clk 0:18:33]} 25. Kf1 {[%clk 1:03:09]} Nxe1
{[%clk 0:18:00]} 26. Kxe1 {[%clk 1:03:33]} Rb8 {[%clk 0:16:56]} 27. Bc6
{[%clk 0:45:00]} Rb6 {[%clk 0:15:44]} 28. d7 {[%clk 0:44:52]} Ke7
{[%clk 0:15:21]} 29. Nd5+ {[%clk 0:45:10]} Bxd5 {[%clk 0:15:39]} 30. Bxd5
{[%clk 0:45:35]} Rxb2 {[%clk 0:14:31]} 31. Bxf7 {[%clk 0:44:26]} Kxd7
{[%clk 0:14:30]} 32. Bg8 {[%clk 0:44:47]} h6 {[%clk 0:12:50]} 33. Bh7
{[%clk 0:45:06]} Kd6 {[%clk 0:12:57]} 34. h4 {[%clk 0:44:50]} Ke5
{[%clk 0:13:12]} 35. f3 {[%clk 0:43:52]} Kf4 {[%clk 0:13:24]} 36. Be4
{[%clk 0:44:03]} Ke3 {[%clk 0:13:46]} 37. Kd1 {[%clk 0:44:28]} Rf2
{[%clk 0:13:41]} 38. Bd5 {[%clk 0:41:47]} Rd2+ {[%clk 0:14:06]} 0-1

[Event "EYCC 2024 - G12"]
[Site "?"]
[Date "2024.08.29"]
[Round "7.7"]
[White "Rzadkowska, Kaja"]
[Black "Pribylla, Amelia"]
[Result "1-0"]
[BlackElo "1701"]
[WhiteElo "1825"]
[LiveChessVersion "1.4.8"]

1. e4 {[%clk 1:30:59]} e5 {[%clk 1:30:51]} 2. Nf3 {[%clk 1:31:22]} Nc6
{[%clk 1:31:16]} 3. Nc3 {[%clk 1:31:47]} Nf6 {[%clk 1:31:15]} 4. Bb5
{[%clk 1:32:11]} d6 {[%clk 1:29:01]} 5. d4 {[%clk 1:31:50]} exd4 {[%clk 1:29:08]}
6. Nxd4 {[%clk 1:32:18]} Bd7 {[%clk 1:28:58]} 7. Nxc6 {[%clk 1:32:33]} Bxc6
{[%clk 1:28:14]} 8. Bxc6+ {[%clk 1:32:55]} bxc6 {[%clk 1:28:40]} 9. O-O
{[%clk 1:33:17]} Be7 {[%clk 1:27:53]} 10. b3 {[%clk 1:33:33]} O-O
{[%clk 1:27:12]} 11. Bb2 {[%clk 1:33:49]} Qd7 {[%clk 1:25:38]} 12. Qd3
{[%clk 1:30:23]} Rfe8 {[%clk 1:17:35]} 13. f4 {[%clk 1:25:26]} Qg4
{[%clk 1:10:38]} 14. Rf3 {[%clk 1:20:05]} Nh5 {[%clk 1:07:21]} 15. Raf1
{[%clk 1:18:00]} Bf6 {[%clk 1:01:32]} 16. e5 {[%clk 0:39:47]} dxe5
{[%clk 0:52:12]} 17. Ne4 {[%clk 0:36:52]} Qe6 {[%clk 0:43:15]} 18. Nxf6+
{[%clk 0:30:55]} Nxf6 {[%clk 0:42:51]} 19. fxe5 {[%clk 0:26:43]} Nd5
{[%clk 0:41:06]} 20. Rxf7 {[%clk 0:20:52]} Qxf7 {[%clk 0:36:50]} 21. Rxf7
{[%clk 0:21:20]} Kxf7 {[%clk 0:37:09]} 22. Qf5+ {[%clk 0:11:20]} Kg8
{[%clk 0:36:36]} 23. e6 {[%clk 0:09:55]} Rf8 {[%clk 0:30:14]} 24. Qe5
{[%clk 0:09:29]} Nf6 {[%clk 0:29:54]} 25. e7 {[%clk 0:07:03]} Rf7
{[%clk 0:28:44]} 26. Qxc7 {[%clk 0:04:21]} Re8 {[%clk 0:27:31]} 27. Ba3
{[%clk 0:04:04]} h6 {[%clk 0:25:33]} 28. Qxc6 {[%clk 0:04:01]} Kh7
{[%clk 0:22:17]} 29. Qe6 {[%clk 0:03:55]} Kg8 {[%clk 0:21:26]} 30. c4
{[%clk 0:03:47]} a5 {[%clk 0:21:06]} 31. Bd6 {[%clk 0:03:04]} h5 {[%clk 0:19:45]}
32. c5 {[%clk 0:02:56]} h4 {[%clk 0:20:01]} 33. c6 {[%clk 0:02:54]} Ra8
{[%clk 0:20:01]} 34. c7 {[%clk 0:03:15]} Re8 {[%clk 0:20:12]} 35. c8=Q
{[%clk 0:03:35]} Rxc8 {[%clk 0:20:10]} 36. Qxc8+ {[%clk 0:04:01]} Kh7
{[%clk 0:20:28]} 37. Qe6 {[%clk 0:04:06]} Kg6 {[%clk 0:20:27]} 38. e8=Q
{[%clk 0:04:27]} h3 {[%clk 0:20:20]} 39. Q8xf7+ {[%clk 0:04:46]} Kh6
{[%clk 0:20:14]} 40. Bf4+ {[%clk 0:04:59]} Kh7 {[%clk 0:20:31]} 41. Qxh3+
{[%clk 0:05:22]} Nh5 {[%clk 0:20:43]} 42. Qhxh5# {[%clk 0:05:50]} 1-0

[Event "EYCC 2024 - G12"]
[Site "?"]
[Date "2024.08.29"]
[Round "7.8"]
[White "Jordan, Christina"]
[Black "Harutyunyan, Gabriela"]
[Result "0-1"]
[BlackElo "1565"]
[WhiteElo "1811"]
[LiveChessVersion "1.4.8"]

1. e4 {[%clk 1:30:56]} c5 {[%clk 1:30:34]} 2. Nf3 {[%clk 1:31:21]} e6
{[%clk 1:30:45]} 3. d4 {[%clk 1:31:04]} cxd4 {[%clk 1:30:59]} 4. Nxd4
{[%clk 1:31:20]} Nf6 {[%clk 1:31:17]} 5. Nc3 {[%clk 1:30:27]} Nc6
{[%clk 1:31:43]} 6. Be3 {[%clk 1:20:02]} Bb4 {[%clk 1:32:07]} 7. f3
{[%clk 1:17:00]} d5 {[%clk 1:32:29]} 8. Bb5 {[%clk 1:10:39]} Qc7 {[%clk 1:28:39]}
9. Bxc6+ {[%clk 1:05:18]} bxc6 {[%clk 1:29:00]} 10. exd5 {[%clk 1:05:01]} Qe5
{[%clk 1:27:58]} 11. Kf2 {[%clk 1:01:57]} Nxd5 {[%clk 1:26:54]} 12. Nxd5
{[%clk 1:00:42]} Qxd5 {[%clk 1:26:31]} 13. c3 {[%clk 0:58:20]} Be7
{[%clk 1:24:52]} 14. Qa4 {[%clk 0:52:23]} Bd7 {[%clk 1:24:22]} 15. Ne2
{[%clk 0:51:29]} c5 {[%clk 1:19:13]} 16. Qg4 {[%clk 0:48:30]} Bf6
{[%clk 1:17:22]} 17. Rhd1 {[%clk 0:46:44]} Qc6 {[%clk 1:15:25]} 18. Ng3
{[%clk 0:44:13]} Rb8 {[%clk 1:12:38]} 19. Rd2 {[%clk 0:42:09]} e5
{[%clk 1:10:28]} 20. Qc4 {[%clk 0:40:30]} Be7 {[%clk 1:08:51]} 21. Kg1
{[%clk 0:32:47]} O-O {[%clk 1:03:53]} 22. b3 {[%clk 0:29:16]} Be6
{[%clk 1:03:10]} 23. Qe2 {[%clk 0:29:24]} a5 {[%clk 1:00:37]} 24. Rb2
{[%clk 0:18:37]} f5 {[%clk 0:59:26]} 25. Bd2 {[%clk 0:17:04]} Bd6
{[%clk 0:57:11]} 26. Rd1 {[%clk 0:14:39]} c4 {[%clk 0:56:30]} 27. Rdb1
{[%clk 0:14:31]} Ba3 {[%clk 0:56:20]} 28. Rc2 {[%clk 0:14:19]} cxb3
{[%clk 0:56:42]} 29. axb3 {[%clk 0:14:37]} Bxb3 {[%clk 0:57:03]} 30. Rcc1
{[%clk 0:14:43]} Bxc1 {[%clk 0:57:15]} 31. Rxc1 {[%clk 0:15:02]} Qc5+
{[%clk 0:57:33]} 32. Be3 {[%clk 0:13:25]} Qc7 {[%clk 0:57:39]} 33. Bf2
{[%clk 0:13:32]} a4 {[%clk 0:58:00]} 34. Qb2 {[%clk 0:12:13]} Qe7
{[%clk 0:57:43]} 35. Ra1 {[%clk 0:11:57]} Bc4 {[%clk 0:55:54]} 36. Qc2
{[%clk 0:11:50]} Qd7 {[%clk 0:55:14]} 37. Bc5 {[%clk 0:11:11]} Rfc8
{[%clk 0:55:07]} 38. Bb4 {[%clk 0:11:08]} Be6 {[%clk 0:53:53]} 39. Rxa4
{[%clk 0:09:30]} Ra8 {[%clk 0:52:10]} 40. Rxa8 {[%clk 0:09:12]} Rxa8
{[%clk 0:52:28]} 41. h3 {[%clk 0:08:36]} Ra2 {[%clk 0:52:52]} 42. Qc1
{[%clk 0:08:32]} Qa7+ {[%clk 0:52:41]} 43. Kh2 {[%clk 0:08:35]} Qf2
{[%clk 0:52:48]} 44. Qh1 {[%clk 0:08:43]} f4 {[%clk 0:53:02]} 45. Ne4
{[%clk 0:08:30]} Qxf3 {[%clk 0:53:23]} 46. Ng5 {[%clk 0:08:02]} Qg3+
{[%clk 0:53:46]} 47. Kg1 {[%clk 0:08:27]} Ra1# {[%clk 0:54:12]} 0-1